000 00597nam a2200193Ia 4500
005 20250508150359.0
008 008 250505s9999 xx 000 0 eng d
037 _aTextual
040 _aFEDL
_beng
_cFEDL
041 _aeng
_2eng
084 _a150, BRI
_qFEDL
100 _aBridges James Winfred
_9756543
245 0 _aPsychology normal and abnormal: An introduction to the study of mind and behavior
260 _aLondon, UK
_bSir Isaac Pitman and Sons Limited
_c1948
300 _axviii,470p.
650 _aPsychology
942 _cTEXL
_h150, BRI
999 _c1323313
_d1323313